000 01023cam a22003017i 4500
005 20240105093223.0
008 111216s2012 njua 001 0 eng
010 _a 2011945673
020 _a9781118128985
040 _aDLC
_beng
_cDLC
_erda
_dDLC
082 _a005.36
_bRAC-M
100 _aRachui,Steve
245 0 0 _aMastering System Center 2012 Configuration Manager /
_cSteve Rachui and 3 others.
260 _aCanada:
_bWiley,
_c2012:
264 1 _aHoboken, NJ ;
_aIndianapolis, Indiana :
_bJohn Wiley & Sons, Inc.,
_c[2012]
300 _axxiii, 792 pages :
_billustrations ;
_c24 cm.
336 _atext
_btxt
_2rdacontent
337 _aunmediated
_bn
_2rdamedia
338 _avolume
_bnc
_2rdacarrier
490 0 _aSYBEX SERIOUS SKILLS
500 _aIncludes index.
650 0 _aComputer networks.
700 1 _aRachui, Steve,
906 _a7
_bcbc
_corigres
_d4
_encip
_f20
_gy-gencatlg
999 _c34964
_d34964